00567nam a2200133Ia 4500008004100000100002200041245012400063260003300187300001700220650001900237856008500256999001900341952007300360160712s9999 xx 000 0 und d aGuillermo, Ramon. cRamon GuillermoaTsapter 17(Les Bambous de Paris) ng Baybayin, l’Alphabet Syllabique des Tagals ni Jean-Paul G. Potet c2013bSocial Science Diliman avol. 9 no. 2 xSOCIAL SCIENCE uhttp://journals.upd.edu.ph/index.php/socialsciencediliman/issue/view/405/showToc c297357d297357 001040aCLbCLd2016-07-12l0r2016-07-12 00:00:00w2016-07-12yFEJ